000 00401nab a2200145Ia 4500
003 ES-SlBCS
005 20210601134622.0
008 140529s1984 xxu||||| |||| 00| 0 spa d
041 _aspa
100 1 _aLosch, Jorge
_9220479
245 0 0 _aLa intuición del metafísico
_c Jorge Losch
650 0 4 _aMetafísico
_9184586
773 0 _tAnthropos
_gvol. 5, nº. 9, 1984, págs. 21-30
_wRev38
942 _cAR
999 _c615371
_d615371